Tổng tập tiểu thuyết chữ Hán Việt Nam
محفوظ في:
| التنسيق: | كتاب |
|---|---|
| اللغة: | Undetermined |
| منشور في: |
Hà Nội
Thế giới
1997
|
| الموضوعات: | |
| الوسوم: |
إضافة وسم
لا توجد وسوم, كن أول من يضع وسما على هذه التسجيلة!
|
| Thư viện lưu trữ: | Trung tâm Học liệu Trường Đại học Cần Thơ |
|---|
| LEADER | 00588nam a2200181Ia 4500 | ||
|---|---|---|---|
| 001 | CTU_22825 | ||
| 008 | 210402s9999 xx 000 0 und d | ||
| 020 | |b 450.000đ/bộ 4c | ||
| 082 | |a 895.922 | ||
| 082 | |b T455/T2 | ||
| 245 | 0 | |a Tổng tập tiểu thuyết chữ Hán Việt Nam | |
| 245 | 0 | |c Nguyễn Hữu Tiến ... [et al.] biên dịch | |
| 260 | |a Hà Nội | ||
| 260 | |b Thế giới | ||
| 260 | |c 1997 | ||
| 650 | |a vietnam literature | ||
| 904 | |i Nguyễn Quang Điền, 980623 | ||
| 980 | |a Trung tâm Học liệu Trường Đại học Cần Thơ | ||